<?xml version="1.0" encoding="UTF-8"?>
<record
    xmlns:xsi="http://www.w3.org/2001/XMLSchema-instance"
    xsi:schemaLocation="http://www.loc.gov/MARC21/slim http://www.loc.gov/standards/marcxml/schema/MARC21slim.xsd"
    xmlns="http://www.loc.gov/MARC21/slim">

  <leader>01280nam a22002177a 4500</leader>
  <controlfield tag="001">8775</controlfield>
  <controlfield tag="003">FISKH</controlfield>
  <controlfield tag="005">20251020095011.0</controlfield>
  <controlfield tag="008">251020b        cb ||||| |||| 00| 0 eng d</controlfield>
  <datafield tag="020" ind1=" " ind2=" ">
    <subfield code="a">9782013236843</subfield>
  </datafield>
  <datafield tag="040" ind1=" " ind2=" ">
    <subfield code="a">FISKH</subfield>
    <subfield code="b">fre</subfield>
    <subfield code="c">FISKH</subfield>
    <subfield code="d">FISKH</subfield>
  </datafield>
  <datafield tag="082" ind1=" " ind2=" ">
    <subfield code="a">919.5</subfield>
  </datafield>
  <datafield tag="100" ind1=" " ind2=" ">
    <subfield code="a">Anonymous </subfield>
  </datafield>
  <datafield tag="245" ind1=" " ind2=" ">
    <subfield code="a">Guide du routard Cambodge, Laos 2017 /</subfield>
  </datafield>
  <datafield tag="260" ind1=" " ind2=" ">
    <subfield code="a">Cedex : </subfield>
    <subfield code="b">Hachette, </subfield>
    <subfield code="c">2017. </subfield>
  </datafield>
  <datafield tag="300" ind1=" " ind2=" ">
    <subfield code="a">538 pages : </subfield>
    <subfield code="b">color illustrations ; maps ; </subfield>
    <subfield code="c">20 cm</subfield>
  </datafield>
  <datafield tag="520" ind1=" " ind2=" ">
    <subfield code="a">The Guide du Routard Cambodge, Laos 2017 is a comprehensive French travel guide covering Cambodia and Laos. It offers detailed information on major destinations such as Phnom Penh, Angkor, Luang Prabang, and the Plain of Jars. The guide includes practical advice on transportation, accommodation, local customs, and safety, as well as off-the-beaten-path recommendations for adventurous travelers. Rich cultural insights and maps help visitors explore both countries in depth, from bustling cities to serene natural landscapes. This edition also briefly covers Phu Quoc Island in Vietnam. It&#x2019;s ideal for backpackers and independent travelers seeking an authentic experience in Southeast Asia.</subfield>
  </datafield>
  <datafield tag="650" ind1=" " ind2=" ">
    <subfield code="a">Travel Guide  </subfield>
    <subfield code="v">Cambodia  Laos  </subfield>
    <subfield code="x">Southeast Asia</subfield>
  </datafield>
  <datafield tag="942" ind1=" " ind2=" ">
    <subfield code="2">ddc</subfield>
    <subfield code="c">BK</subfield>
    <subfield code="n">0</subfield>
  </datafield>
  <datafield tag="999" ind1=" " ind2=" ">
    <subfield code="c">8775</subfield>
    <subfield code="d">8775</subfield>
  </datafield>
  <datafield tag="952" ind1=" " ind2=" ">
    <subfield code="0">0</subfield>
    <subfield code="1">0</subfield>
    <subfield code="2">ddc</subfield>
    <subfield code="4">0</subfield>
    <subfield code="7">0</subfield>
    <subfield code="8">NFIC</subfield>
    <subfield code="a">001</subfield>
    <subfield code="b">001</subfield>
    <subfield code="c">ATKSF</subfield>
    <subfield code="d">2025-10-20</subfield>
    <subfield code="l">0</subfield>
    <subfield code="o">ANO 919.5 </subfield>
    <subfield code="p">2025-4669</subfield>
    <subfield code="r">2025-10-20 09:49:58</subfield>
    <subfield code="t">1</subfield>
    <subfield code="w">2025-10-20</subfield>
    <subfield code="y">BK</subfield>
  </datafield>
</record>
